00628nam a2200181 a 4500003000700000005001700007008004100024040004100065050001300106110007700119245011100196260002200307300001100329336002800340337003000368338002700398650002100425CBULib20250717112121.0081112s2000 ||||||||||||||||| || u aCBULibbEnglishcCBULibdCBULiberda aIFLA(02) aInternational Federation of Library Associations and Institutions (IFLA)14aThe school library in teaching and learning for all: the school library manifestoc/by Sandy Romano Kasapo aHaguebIFLAc2000 a4pages 2rdacontentaText |btxt 2rdamediaaUnmediated |bn 2rdacarrieraVolumebnc aSCHOOL LIBRARIES